000 00502cam a22001337a 4500
008 180718b1999 xxu||||| |||| 00| 0 eng d
082 _aA81x54 91/27/PT4A/C
100 _aCensus of India 1991
245 _aAndaman and Nicobar Islands: socio-cultural tables
260 _aNew Delhi
_bThe Cotroller of Publications
_c1999
300 _a83+p.
440 _aCensus of India 1991. Series-27, Andaman and Nicobar Islands. Part IV, A-C series
650 _aAndaman and Nicobar Islands - Social aspects - Census
999 _c490504
_d490504